| 000 | 01034nmm a2200313 a 4500 | ||
|---|---|---|---|
| 001 | ocm0002347817 | ||
| 003 | TR-IsHL | ||
| 005 | 20201028185955.0 | ||
| 008 | 191222s2019 tu tur | ||
| 007 | cr cn | ||
| 020 | _a9786057786319 | ||
| 035 |
_a2347817 _b(N$T) |
||
| 050 | 0 | 4 |
_aMT582 _b.Z48 2019 |
| 090 | 0 | 4 |
_aMT582 _b.Z48 2019 |
| 100 | 1 | _aZeteroğlu, Erhan | |
| 245 | 1 | 0 |
_aGitar için şan: eşlikli türkü düzenlemeleri _h[electronic resource] / _cErhan Zeteroğlu ; editör Doç. Dr. Barış Toptaş |
| 250 | _a1. Baskı | ||
| 260 |
_aKonya : _bEğitim Yayınevi, _c2019 |
||
| 300 | _a72 p. | ||
| 650 | 4 | _aEğitim | |
| 650 | 4 | _aEducation | |
| 650 | 0 |
_aGitar _x Eğitim ve çalışma |
|
| 650 | 0 |
_aGuitar _x Instruction and study |
|
| 650 | 0 |
_aGitar _x Metotlar |
|
| 650 | 0 |
_aGuitar _x Methods |
|
| 650 | 7 |
_aMUSIC / Genres & Styles / Folk & Traditional _2bisacsh |
|
| 700 | 1 | _aToptaş, Barış | |
| 856 | 4 | 0 | _uhttp://search.ebscohost.com/login.aspx?direct=true&scope=site&db=e011xww&AN=2347817 |
| 999 |
_c21709 _d21709 |
||